[Event "Dyfed Open"]
[Site "Fishguard"]
[Date "2019.02.24"]
[Round "4.3"]
[White "Jones, Iolo C"]
[Black "Heap, Gerry"]
[Result "0-1"]
[WhiteElo "2205"]
[BlackElo "2095"]
[PlyCount "102"]
[EventDate "2019.??.??"]

1. c4 c5 2. g3 Nc6 3. Bg2 g6 4. Nc3 Bg7 5. e3 Nf6 6. Nge2 d6 7. O-O O-O 8. b3
Bg4 9. f3 Bd7 10. Bb2 a6 11. d4 cxd4 12. exd4 Rb8 13. Kh1 b5 14. c5 b4 15. Na4
Nd5 16. Qd2 Na5 17. Rac1 Bxa4 18. bxa4 Qd7 19. f4 Qe6 20. Qd3 Qe3 21. Rfd1 Qxd3
22. Rxd3 Nf6 23. Kg1 Rfc8 24. cxd6 exd6 25. Bh3 Rc4 26. Rdd1 d5 27. Kf1 Ne4 28.
Ke1 Bf8 29. Rd3 h5 30. Re3 f5 31. Bg2 Rbc8 32. Bxe4 fxe4 33. Kd1 Bg7 34. Rb1
Nc6 35. Rb3 a5 36. a3 bxa3 37. Rxa3 Rb8 38. Rc3 Rxc3 39. Nxc3 Bxd4 40. Kd2
Bxc3+ 41. Kxc3 Rb4 42. Rd1 d4+ 43. Kc2 Rxa4 44. Re1 e3 45. Kd3 Nb4+ 46. Ke4 d3
47. Kf3 e2 48. Bc3 Ra3 49. Bd2 Nc2 50. Rc1 e1=Q 51. Bxe1 d2+ 0-1

[Event "Dyfed Open"]
[Site "Fishguard"]
[Date "2019.02.24"]
[Round "4.4"]
[White "Taylor, Robert Graham"]
[Black "Waddington, Mike P"]
[Result "1/2-1/2"]
[WhiteElo "1809"]
[BlackElo "2074"]
[PlyCount "147"]
[EventDate "2019.??.??"]

1. f4 f5 2. c4 Nf6 3. Nf3 g6 4. Nc3 Bg7 5. e3 O-O 6. d4 d6 7. Be2 a5 8. Qc2 Nc6
9. a3 e5 10. d5 Nb8 11. fxe5 dxe5 12. O-O e4 13. Nd4 Na6 14. Bd2 Bd7 15. Ncb5
c5 16. dxc6 bxc6 17. Nc3 Bh6 18. Rad1 Rb8 19. Bc1 Qc7 20. Qd2 Rfd8 21. Qe1 Qe5
22. Qh4 Kg7 23. h3 Nc5 24. g4 fxg4 25. hxg4 Qg5 26. Qg3 Re8 27. Rf2 Qe5 28. Kg2
Qxg3+ 29. Kxg3 a4 30. Nc2 Bg5 31. Nb4 Re7 32. Rd6 Nb3 33. Rf1 Nxc1 34. Rxc1
Bxe3 35. Rcd1 Be8 36. Nxc6 Bxc6 37. Rxc6 Rxb2 38. Rf1 Bg5 39. Bd1 e3 40. Re1
Rf2 41. Ne2 Re4 42. Rc7+ Kh6 43. Rh1+ Nh5+ 44. gxh5 gxh5 45. Rc6+ Bf6 46. Nc3
h4+ 47. Kh3 Re5 48. Nd5 e2 49. Rxf6+ Rxf6 50. Nxf6 Kg5 51. Bxe2 Rxe2 52. Nxh7+
Kh6 53. Kxh4 Re4+ 54. Kg3+ Kg7 55. Rc1 Kxh7 56. c5 Re8 57. Kf4 Kg6 58. Rc4 Kf7
59. Rxa4 Rc8 60. Rc4 Ke6 61. Ke4 Rh8 62. Kd4 Rh3 63. a4 Rh1 64. c6 Kd6 65. c7
Rh4+ 66. Kc3 Rxc4+ 67. Kxc4 Kxc7 68. Kc5 Kb7 69. Kb5 Ka8 70. Kb6 Kb8 71. a5 Ka8
72. a6 Kb8 73. a7+ Ka8 74. Ka6 1/2-1/2

[Event "Dyfed Open"]
[Site "Fishguard"]
[Date "2019.02.24"]
[Round "4.5"]
[White "Byway, Paul V"]
[Black "May, Adam J"]
[Result "1/2-1/2"]
[WhiteElo "2060"]
[BlackElo "1906"]
[PlyCount "55"]
[EventDate "2019.??.??"]

1. Nf3 d5 2. e3 Nf6 3. b3 e6 4. Bb2 Be7 5. d4 O-O 6. Bd3 c5 7. O-O b6 8. Qe2
Bb7 9. c4 Nbd7 10. Nc3 Rc8 11. cxd5 cxd4 12. Nxd4 Nxd5 13. Nxd5 Bxd5 14. Rad1
Qc7 15. Bb1 Rfd8 16. Rc1 Qb8 17. Rxc8 Rxc8 18. Rd1 Nf6 19. e4 Bb7 20. Nf3 Qf4
21. Be5 Qg4 22. h3 Qh5 23. Bd6 Bxd6 24. Rxd6 Qc5 25. Rd4 Qc1+ 26. Rd1 Qc7 27.
Re1 g6 28. Qe3 1/2-1/2

[Event "Dyfed Open"]
[Site "Fishguard"]
[Date "2019.02.24"]
[Round "4.6"]
[White "Barnaby, Nicholas"]
[Black "Jones, Dewi"]
[Result "1-0"]
[WhiteElo "1998"]
[BlackElo "1504"]
[PlyCount "71"]
[EventDate "2019.??.??"]

1. d4 Nf6 2. Bg5 c5 3. Bxf6 exf6 4. d5 c4 5. Qd4 b5 6. c3 Na6 7. Qe4+ Qe7 8.
Qxe7+ Bxe7 9. e3 Bb7 10. a4 Bxd5 11. axb5 Nc5 12. Nd2 Nd3+ 13. Bxd3 cxd3 14.
Ngf3 O-O 15. O-O Rfc8 16. Ra4 Be6 17. Rfa1 Rab8 18. Nd4 Bc5 19. Nxe6 fxe6 20.
c4 d5 21. b3 e5 22. g3 f5 23. Rc1 e4 24. cxd5 Bxe3 25. Rxc8+ Rxc8 26. fxe3 Rc1+
27. Kg2 Rc2 28. d6 Kf8 29. Rxa7 Rxd2+ 30. Kh3 Ke8 31. b6 Rb2 32. b7 Rxb3 33.
Ra8+ Kd7 34. b8=Q Rxb8 35. Rxb8 Kxd6 36. Kg2 1-0

[Event "Dyfed Open"]
[Site "Fishguard"]
[Date "2019.02.24"]
[Round "4.7"]
[White "Buttell, David"]
[Black "Van Kemenade, Rudy"]
[Result "1-0"]
[WhiteElo "1793"]
[BlackElo "1944"]
[PlyCount "81"]
[EventDate "2019.??.??"]

1. d4 f5 2. g3 Nf6 3. Bg2 g6 4. Nf3 Bg7 5. O-O O-O 6. c4 d6 7. Nc3 Qe8 8. Nb5
Na6 9. d5 c6 10. Nc3 Bd7 11. Nd4 Nc7 12. dxc6 bxc6 13. e3 Rb8 14. Qc2 e5 15.
Nde2 g5 16. b3 Qh5 17. Ba3 Nce8 18. Rad1 c5 19. Nd5 Ng4 20. h3 Nh6 21. f4 gxf4
22. exf4 e4 23. Bxc5 dxc5 24. Ne7+ Kh8 25. Rxd7 Nf6 26. Rxa7 Nfg4 27. Nd5 Rbd8
28. Rxg7 Kxg7 29. hxg4 Nxg4 30. Qc3+ Kh6 31. Rc1 Nh2 32. Qe3 Nf3+ 33. Kf2 Nh2
34. Kg1 Nf3+ 35. Bxf3 Qxf3 36. Qxf3 exf3 37. Nec3 Rfe8 38. Kf2 Kg6 39. Kxf3 h5
40. Rd1 Re6 41. Ne7+ 1-0

[Event "Dyfed Open"]
[Site "Fishguard"]
[Date "2019.02.24"]
[Round "4.8"]
[White "Thomas, Roy"]
[Black "Bevan, Peter M"]
[Result "1/2-1/2"]
[WhiteElo "1719"]
[BlackElo "1907"]
[PlyCount "83"]
[EventDate "2019.??.??"]

1. f4 d5 2. e3 Nf6 3. Nf3 g6 4. Be2 Bg7 5. O-O O-O 6. d3 c5 7. Nc3 Nc6 8. e4
dxe4 9. dxe4 Qxd1 10. Rxd1 Bg4 11. e5 Ne8 12. Be3 b6 13. Rd2 Nc7 14. h3 Be6 15.
Rad1 h6 16. Nb5 Ne8 17. c4 f6 18. Nh4 fxe5 19. Nxg6 Rf6 20. Nxe5 Nxe5 21. fxe5
Rf8 22. Bf3 Rxf3 23. gxf3 Bxc4 24. Nc3 Bxe5 25. Bxh6 Nd6 26. b3 Bxc3 27. bxc4
Bxd2 28. Rxd2 Kf7 29. Bg5 a5 30. h4 Nxc4 31. Rd7 Re8 32. h5 Ke6 33. Rb7 Ne5 34.
Rxb6+ Kf5 35. f4 Nf3+ 36. Kf2 Nxg5 37. fxg5 Kxg5 38. Rc6 Kxh5 39. Rxc5+ Kg4 40.
Rxa5 e5 41. Ke3 Kf5 42. Ra7 1/2-1/2

[Event "Dyfed Open"]
[Site "Fishguard"]
[Date "2019.02.24"]
[Round "4.9"]
[White "May, Frank"]
[Black "Philpin, Les"]
[Result "1-0"]
[WhiteElo "2069"]
[BlackElo "1702"]
[PlyCount "71"]
[EventDate "2019.??.??"]

1. d4 e6 2. c4 Nf6 3. Nc3 d5 4. Bg5 Be7 5. cxd5 exd5 6. Qc2 c6 7. e3 Be6 8. Bd3
h6 9. Bh4 Nbd7 10. Nge2 g5 11. Bg3 Nh5 12. O-O Nxg3 13. Nxg3 Qc7 14. Rac1 a6
15. Nf5 Bf8 16. b4 h5 17. a4 Nb6 18. Rfd1 Nc4 19. Bxc4 dxc4 20. Ne4 Be7 21.
Ng7+ Kf8 22. Nxe6+ fxe6 23. Qxc4 Kf7 24. b5 axb5 25. axb5 Rhc8 26. h3 g4 27.
hxg4 hxg4 28. Qe2 Rg8 29. bxc6 bxc6 30. g3 Ra5 31. Qc4 Rc8 32. Kg2 Rh5 33. Rh1
Rch8 34. Rxh5 Rxh5 35. Qe2 Ba3 36. Qxg4 1-0

[Event "Dyfed Open"]
[Site "Fishguard"]
[Date "2019.02.24"]
[Round "4.10"]
[White "Waterfield, John W"]
[Black "Greatorex, Roger"]
[Result "1-0"]
[WhiteElo "1935"]
[BlackElo "1713"]
[PlyCount "65"]
[EventDate "2019.??.??"]

1. e4 e6 2. d4 a6 3. c4 b5 4. Nf3 bxc4 5. Bxc4 Bb7 6. Nc3 Ne7 7. Qb3 Qc8 8. d5
Ng6 9. Be3 Bd6 10. O-O e5 11. Rad1 O-O 12. Qc2 Be7 13. Ne2 d6 14. Ng3 Nd7 15.
Nf5 Bd8 16. Rd3 Nf6 17. Rc3 Qb8 18. Bb3 Nd7 19. Ba4 Nb6 20. Bc6 Bxc6 21. Rxc6
Nc8 22. Rc3 Qb5 23. Rb3 Qd7 24. Ra3 Nb6 25. Rc1 Ne7 26. Nxe7+ Qxe7 27. Qc6 Ra7
28. Nd2 Qe8 29. Rb3 Qxc6 30. dxc6 Re8 31. Nc4 Re6 32. Nxb6 cxb6 33. Bxb6 1-0

[Event "Dyfed Open"]
[Site "Fishguard"]
[Date "2019.02.24"]
[Round "4.11"]
[White "Bourne, Johnathan D"]
[Black "Van Kemenade, Julie"]
[Result "1-0"]
[WhiteElo "1907"]
[BlackElo "1704"]
[PlyCount "51"]
[EventDate "2019.??.??"]

1. e4 d6 2. Nc3 Nf6 3. f4 c6 4. Nf3 Nbd7 5. d4 Qa5 6. Bd2 Qb6 7. e5 Nd5 8. Nxd5
cxd5 9. Bd3 e6 10. Qe2 Be7 11. O-O O-O 12. Kh1 dxe5 13. fxe5 f5 14. exf6 Nxf6
15. Ng5 Bd7 16. Rxf6 Rxf6 17. Nxh7 Qxb2 18. Nxf6+ Bxf6 19. Rf1 Qxd4 20. Qh5 Qh4
21. Qe2 Bg5 22. Bxg5 Qxg5 23. Qf3 Qe7 24. Qh5 g5 25. Bg6 Qg7 26. Bf7+ 1-0

[Event "Dyfed Open"]
[Site "Fishguard"]
[Date "2019.02.24"]
[Round "4.12"]
[White "Paffard, Mark"]
[Black "Morgans, Justin"]
[Result "0-1"]
[WhiteElo "1731"]
[BlackElo "1646"]
[PlyCount "68"]
[EventDate "2019.??.??"]

1. e4 c6 2. d4 d5 3. Nc3 dxe4 4. Nxe4 Bf5 5. Ng3 Bg6 6. Nf3 Nf6 7. Ne5 e6 8.
Nxg6 hxg6 9. Bg5 Be7 10. Be2 Nbd7 11. c3 Qc7 12. a4 Bd6 13. Qc2 Bf4 14. Bxf4
Qxf4 15. Bf3 O-O-O 16. b4 e5 17. b5 c5 18. d5 e4 19. Nxe4 Nxe4 20. Bxe4 Rde8
21. f3 f5 22. Qd2 Qxd2+ 23. Kxd2 fxe4 24. fxe4 Rxe4 25. Rhe1 Rhe8 26. Rxe4 Rxe4
27. Kd3 Nf6 28. a5 c4+ 29. Kd2 Nxd5 30. Rf1 Nf6 31. Rf3 g5 32. Rh3 Rh4 33. Rxh4
gxh4 34. h3 Nd5 0-1

[Event "Dyfed Open"]
[Site "Fishguard"]
[Date "2019.02.24"]
[Round "4.13"]
[White "Andrews, Norman G"]
[Black "Haigh, Tony"]
[Result "1/2-1/2"]
[WhiteElo "1605"]
[BlackElo "1793"]
[PlyCount "52"]
[EventDate "2019.??.??"]

1. e4 Nf6 2. Nc3 d5 3. exd5 Nxd5 4. Nf3 Nxc3 5. bxc3 g6 6. Bc4 Bg7 7. d4 O-O 8.
O-O Nd7 9. Be3 Nb6 10. Bb3 Qe8 11. Qd2 a5 12. a3 Bd7 13. Bh6 Bb5 14. Rfe1 a4
15. Ba2 Bc4 16. Bxg7 Kxg7 17. Bxc4 Nxc4 18. Qe2 Qc6 19. Qxe7 Rfe8 20. Qb4 b5
21. Rad1 Qd5 22. h3 Rad8 23. Rxe8 Rxe8 24. Kf1 c6 25. Re1 Rxe1+ 26. Kxe1 Qe4+
1/2-1/2

[Event "Dyfed Open"]
[Site "Fishguard"]
[Date "2019.02.24"]
[Round "4.14"]
[White "Orton, Paul"]
[Black "Chong, Kimberly"]
[Result "1/2-1/2"]
[WhiteElo "1596"]
[BlackElo "1720"]
[PlyCount "104"]
[EventDate "2019.??.??"]

1. d4 Nf6 2. Bf4 d5 3. Nf3 Bf5 4. e3 e6 5. Bd3 Bxd3 6. Qxd3 Bd6 7. Nbd2 Bxf4 8.
exf4 Nbd7 9. O-O O-O 10. Rfe1 c5 11. c3 Rc8 12. Ne5 cxd4 13. cxd4 Re8 14. Rac1
Qb6 15. b3 Rc7 16. Rxc7 Qxc7 17. Qb1 Rc8 18. Ndf3 Qc2 19. Kf1 Nxe5 20. Nxe5 Ne4
21. Qxc2 Rxc2 22. Re2 Rxe2 23. Kxe2 Nc3+ 24. Kd2 Nxa2 25. Nd3 a5 26. Nc5 b5 27.
Nb7 a4 28. bxa4 bxa4 29. Nc5 a3 30. Kc2 Nb4+ 31. Kc3 a2 32. Nb3 Nc6 33. Kb2 f6
34. f3 Kf7 35. Kxa2 Nb4+ 36. Kb1 Nd3 37. g3 e5 38. fxe5 fxe5 39. dxe5 Nxe5 40.
Nd4 g5 41. Kc2 Kf6 42. Kd2 Ng6 43. Ke3 h5 44. f4 gxf4+ 45. gxf4 Ne7 46. Kf3 Nf5
47. Ne2 Ke6 48. Ng3 Nd4+ 49. Ke3 Nf5+ 50. Kf3 Nd4+ 51. Ke3 Nf5+ 52. Kf3 Nd4+
1/2-1/2

[Event "Dyfed Open"]
[Site "Fishguard"]
[Date "2019.02.24"]
[Round "4.15"]
[White "Fraser, Susanna"]
[Black "Miller, John S"]
[Result "1-0"]
[WhiteElo "1578"]
[BlackElo "1686"]
[PlyCount "71"]
[EventDate "2019.??.??"]

1. d4 Nf6 2. c4 g6 3. Nf3 Bg7 4. g3 O-O 5. Bg2 d6 6. O-O a6 7. Nc3 Nc6 8. Bg5
Rb8 9. Rc1 h6 10. Bf4 Nh5 11. Be3 e5 12. dxe5 Nxe5 13. Nxe5 dxe5 14. Qxd8 Rxd8
15. Nd5 c6 16. Ba7 Ra8 17. Bb6 Rd7 18. Bh3 f5 19. Nc7 Rxc7 20. Bxc7 Be6 21. b3
Rc8 22. Ba5 Nf6 23. Rfd1 Nd7 24. Rd6 Kf7 25. Rcd1 Nc5 26. f3 Bf6 27. Bb6 Nd7
28. Rxd7+ Bxd7 29. Rxd7+ Ke6 30. Rxb7 Kd6 31. c5+ Ke6 32. Ra7 Re8 33. Rxa6 Kd5
34. Ra7 e4 35. fxe4+ Rxe4 36. Bg2 1-0

[Event "Dyfed Open"]
[Site "Fishguard"]
[Date "2019.02.24"]
[Round "4.16"]
[White "Pinch, David"]
[Black "Horrell, Stephen A"]
[Result "1-0"]
[WhiteElo "1634"]
[BlackElo "1592"]
[PlyCount "81"]
[EventDate "2019.??.??"]

1. d4 Nf6 2. Bf4 d6 3. e3 g6 4. Nf3 Bg7 5. Be2 Nbd7 6. Nbd2 b6 7. c4 Bb7 8. O-O
c5 9. h3 O-O 10. Qc2 Re8 11. d5 b5 12. e4 bxc4 13. Bxc4 Nb6 14. Bb5 Nfd7 15.
Rfe1 a6 16. Bc4 Qc7 17. Rad1 a5 18. Nb1 Nxc4 19. Qxc4 Ba6 20. Qc2 Reb8 21. Nc3
Rb4 22. Bc1 Ne5 23. Nxe5 Bxe5 24. g3 Qd7 25. Kg2 Bc8 26. Rh1 Rc4 27. Rd3 Rb8
28. b3 Rd4 29. Rxd4 Bxd4 30. Ne2 Bg7 31. Nc3 Ba6 32. Na4 Bb5 33. Nb2 e6 34.
dxe6 Qxe6 35. f3 Re8 36. Nd3 Qd7 37. Rd1 Qc7 38. Nf4 Bd4 39. Rxd4 f5 40. exf5
gxf5 41. Rd2 1-0

[Event "Dyfed Open"]
[Site "Fishguard"]
[Date "2019.02.24"]
[Round "4.17"]
[White "Cooke, Mark"]
[Black "Hurn, Robert Aj"]
[Result "1-0"]
[WhiteElo "1368"]
[BlackElo "1632"]
[PlyCount "177"]
[EventDate "2019.??.??"]

1. Nf3 Nf6 2. Nc3 g6 3. e4 d6 4. d4 Bg7 5. a3 O-O 6. h3 Nbd7 7. Bd3 b6 8. Ne2
Bb7 9. Ng3 e5 10. c3 Qe7 11. O-O Rfe8 12. d5 Nc5 13. Bb5 Rf8 14. Re1 a6 15. Bc4
b5 16. Ba2 Rad8 17. b4 Na4 18. Qc2 Nb6 19. Be3 Rc8 20. Qd2 Rfe8 21. h4 Ng4 22.
Bg5 f6 23. Be3 Nxe3 24. Qxe3 Rf8 25. h5 Rce8 26. Nh4 Qf7 27. h6 Bh8 28. Rad1
Bc8 29. f3 Bd7 30. Rd2 Re7 31. Rc1 Nc4 32. Bxc4 bxc4 33. Qe2 Bb5 34. Qf2 Bd7
35. Qf1 Bb5 36. Ra1 Qe8 37. Ne2 Bd7 38. g4 Qa8 39. Ng3 Qa7+ 40. Qf2 Qa8 41. Kh2
a5 42. a4 Ree8 43. b5 Rc8 44. Qf1 Qa7 45. Qe2 Rf7 46. Nf1 Rcf8 47. Ne3 Ra8 48.
Nxc4 Qb8 49. Kg2 Qf8 50. Rh1 Qxh6 51. Nf5 Qf8 52. Nh6+ Kg7 53. Nxf7 Qxf7 54.
Qe3 g5 55. Kg3 Kg6 56. Rdh2 Bg7 57. Qg1 h6 58. b6 Bxa4 59. b7 Rb8 60. Qa7 Qe8
61. Nxa5 Bb5 62. Nc6 Bxc6 63. dxc6 Bf8 64. Ra1 d5 65. Qa2 Qxc6 66. exd5 Qd6 67.
Qc2+ e4+ 68. Kg2 f5 69. gxf5+ Kf6 70. fxe4 Rxb7 71. Qe2 Qe5 72. Ra6+ Rb6 73.
Rxb6+ cxb6 74. Qe3 Qd6 75. Rh1 Kf7 76. Rb1 Qa3 77. Rxb6 Bc5 78. Rb7+ Kf8 79.
Qg3 Bd6 80. e5 Bc5 81. e6 Qa2+ 82. Kh3 g4+ 83. Kxg4 Qe2+ 84. Qf3 Qc4+ 85. Kh5
Qa2 86. Rf7+ Ke8 87. Qg3 Qe2+ 88. Kg6 Be3 89. Qb8# 1-0

[Event "Dyfed Open"]
[Site "Fishguard"]
[Date "2019.02.24"]
[Round "4.18"]
[White "Roberts, Malcolm A"]
[Black "Parri, Deio"]
[Result "1/2-1/2"]
[WhiteElo "1630"]
[BlackElo "1659"]
[PlyCount "53"]
[EventDate "2019.??.??"]

1. e4 e6 2. Nf3 d5 3. exd5 exd5 4. d4 Nf6 5. Bd3 Be7 6. h3 O-O 7. O-O b6 8. c3
Ba6 9. Bxa6 Nxa6 10. Qd3 Nb8 11. Bf4 Nbd7 12. Nbd2 Re8 13. Rfe1 Nf8 14. Ne5 Bd6
15. Bg5 h6 16. Bh4 N8h7 17. Qf3 c5 18. a3 Qc7 19. Bg3 Ng5 20. Qd3 Nge4 21. Bh2
Nxd2 22. Qxd2 Ne4 23. Qe3 f6 24. Nf3 Bxh2+ 25. Nxh2 Qf7 26. Qf4 cxd4 27. cxd4
1/2-1/2

[Event "Dyfed Open"]
[Site "Fishguard"]
[Date "2019.02.24"]
[Round "4.19"]
[White "Leah, Howard"]
[Black "Denham, Colin"]
[Result "1/2-1/2"]
[WhiteElo "1613"]
[BlackElo "1653"]
[PlyCount "72"]
[EventDate "2019.??.??"]

1. e4 c5 2. Nc3 Nc6 3. g3 b6 4. Bg2 Bb7 5. d3 e5 6. f4 d6 7. Nf3 Nge7 8. Ne2 f6
9. c3 Qc7 10. O-O Bc8 11. fxe5 dxe5 12. d4 cxd4 13. cxd4 Ng6 14. Be3 exd4 15.
Nfxd4 Nxd4 16. Nxd4 Ne5 17. Rc1 Qd7 18. Qb3 Bc5 19. Rfd1 Qf7 20. Qc3 O-O 21.
Nf5 Bxe3+ 22. Nxe3 Be6 23. Nd5 Rac8 24. Qa3 Bxd5 25. exd5 Nc4 26. Qb3 Nd6 27.
Rc3 Rxc3 28. Qxc3 Rc8 29. Qd3 Qe7 30. Bh3 Rc7 31. Be6+ Kh8 32. Qd2 Rc5 33. Rc1
Ne4 34. Qe3 Rxc1+ 35. Qxc1 Qc5+ 36. Qxc5 Nxc5 1/2-1/2

[Event "Dyfed Open"]
[Site "Fishguard"]
[Date "2019.02.24"]
[Round "5.1"]
[White "Zeidler, Sven P."]
[Black "Barnaby, Nicholas"]
[Result "1-0"]
[WhiteElo "2149"]
[BlackElo "1998"]
[PlyCount "95"]
[EventDate "2019.??.??"]

1. e4 e5 2. Nf3 Nc6 3. c3 d5 4. Qa4 Bd7 5. exd5 Nb4 6. Qb3 e4 7. Ne5 Nd3+ 8.
Bxd3 exd3 9. O-O Bd6 10. Re1 Ne7 11. c4 Bxe5 12. Rxe5 O-O 13. Qxd3 Re8 14. b3
Nf5 15. Rxe8+ Qxe8 16. Bb2 Qe1+ 17. Qf1 Qe4 18. d3 Qg4 19. Nd2 Re8 20. Re1 Rxe1
21. Qxe1 Nh4 22. Qe4 Qg5 23. g3 Qxd2 24. Qxh4 f6 25. Qe4 Kf7 26. Ba3 Bh3 27.
Qe7+ Kg6 28. Qe8+ Kg5 29. Qe3+ Qxe3 30. fxe3 Kf5 31. Kf2 Ke5 32. Kf3 Kf5 33.
e4+ Kg5 34. Bc1+ Kg6 35. Bf4 c6 36. dxc6 bxc6 37. d4 Bd7 38. d5 Kf7 39. Bd6
cxd5 40. exd5 g6 41. Ke3 Bf5 42. b4 a6 43. Kd4 Ke8 44. a4 Kd7 45. c5 Bc2 46. b5
axb5 47. axb5 Bd1 48. b6 1-0

[Event "Dyfed Open"]
[Site "Fishguard"]
[Date "2019.02.24"]
[Round "5.2"]
[White "Williams, A. Howard"]
[Black "Young, Alan"]
[Result "1/2-1/2"]
[WhiteElo "2268"]
[BlackElo "2024"]
[PlyCount "83"]
[EventDate "2019.??.??"]

1. d4 d5 2. c4 e6 3. Nf3 Nf6 4. g3 Bb4+ 5. Bd2 Bd6 6. Bg2 c6 7. Nc3 Nbd7 8. O-O
O-O 9. e4 Nxe4 10. Nxe4 dxe4 11. Ng5 Nf6 12. Bc3 Be7 13. Qe2 Qc7 14. Nxe4 Nxe4
15. Qxe4 Re8 16. Rac1 Bd7 17. Rfe1 Bf8 18. b4 Rac8 19. Bd2 Red8 20. c5 Be8 21.
Bf4 Qd7 22. Red1 Qd5 23. Qe2 Qd7 24. a4 a6 25. h4 f6 26. Rd2 Bf7 27. Re1 Qe8
28. Bh3 Rd7 29. b5 axb5 30. axb5 Rcd8 31. Red1 cxb5 32. Qxb5 Bh5 33. Re1 Bf7
34. Qb6 Rxd4 35. Rxd4 Rxd4 36. Bxe6 Bxe6 37. Rxe6 Qa8 38. Re1 Qc8 39. c6 Rb4
40. cxb7 Qxb7 41. Qd8 Rb1 42. Rxb1 1/2-1/2

[Event "Dyfed Open"]
[Site "Fishguard"]
[Date "2019.02.24"]
[Round "5.3"]
[White "Heap, Gerry"]
[Black "Buttell, David"]
[Result "1-0"]
[WhiteElo "2095"]
[BlackElo "1793"]
[PlyCount "57"]
[EventDate "2019.??.??"]

1. c4 b6 2. Nf3 Bb7 3. g3 c5 4. Bg2 g6 5. Nc3 Bg7 6. O-O d6 7. Rb1 e5 8. d3 Ne7
9. Bg5 f6 10. Bd2 Nbc6 11. a3 O-O 12. b4 Qd7 13. Qb3 Rab8 14. e3 f5 15. Nd5
Nxd5 16. cxd5 Ne7 17. Ng5 Kh8 18. Ne6 Rfc8 19. Bc3 Ba6 20. b5 Bb7 21. f4 Bf6
22. e4 a6 23. a4 axb5 24. axb5 Ra8 25. Qb2 Ng8 26. exf5 Qe7 27. fxe5 dxe5 28.
Bxe5 Ra2 29. Bxf6+ 1-0

[Event "Dyfed Open"]
[Site "Fishguard"]
[Date "2019.02.24"]
[Round "5.4"]
[White "Bevan, Peter M"]
[Black "Jones, Iolo C"]
[Result "0-1"]
[WhiteElo "1907"]
[BlackElo "2205"]
[PlyCount "69"]
[EventDate "2019.??.??"]

1. Nf3 Nf6 2. c4 e6 3. g3 d5 4. Bg2 d4 5. b4 c5 6. Bb2 Nc6 7. b5 Ne7 8. e3 Nf5
9. O-O Be7 10. Na3 O-O 11. Nc2 Nd6 12. Qe2 dxe3 13. Nxe3 a6 14. a4 Nd7 15. Ng4
axb5 16. axb5 Rxa1 17. Rxa1 Nb6 18. d3 f6 19. Ne3 e5 20. Nd2 Be6 21. Ne4 Nf5
22. Nxf5 Bxf5 23. Rd1 Qd7 24. Qe3 Nxc4 25. Qc1 Nxb2 26. Qxb2 Bg4 27. Rd2 Ra8
28. Nc3 Be6 29. Rd1 Ra5 30. Bf1 Bd8 31. Ra1 Qd4 32. Rxa5 Bxa5 33. Nd1 Qb4 34.
Bg2 Qe1+ 35. Bf1 0-1

[Event "Dyfed Open"]
[Site "Fishguard"]
[Date "2019.02.24"]
[Round "5.5"]
[White "Waddington, Mike P"]
[Black "Thomas, Roy"]
[Result "1-0"]
[WhiteElo "2074"]
[BlackElo "1719"]
[PlyCount "57"]
[EventDate "2019.??.??"]

1. Nc3 f5 2. e4 fxe4 3. d3 exd3 4. Bxd3 Nf6 5. g4 g6 6. g5 Nh5 7. Nge2 d5 8.
Ng3 Ng7 9. Nxd5 c6 10. Nc3 Bh3 11. Qe2 Qc7 12. Nce4 Nd7 13. Nf6+ Nxf6 14. gxf6
Ne6 15. Bc4 Nd4 16. f7+ Kd8 17. Qd3 Qd7 18. c3 Bg2 19. Qxd4 Qxd4 20. cxd4 Bxh1
21. Nxh1 Bg7 22. Be3 Kd7 23. Ng3 e6 24. Ne4 e5 25. d5 h6 26. O-O-O b6 27. dxc6+
Kxc6 28. Rd6+ Kc7 29. Rxg6 1-0

[Event "Dyfed Open"]
[Site "Fishguard"]
[Date "2019.02.24"]
[Round "5.6"]
[White "May, Adam J"]
[Black "May, Frank"]
[Result "1-0"]
[WhiteElo "1906"]
[BlackElo "2069"]
[PlyCount "47"]
[EventDate "2019.??.??"]

1. c4 e6 2. g3 d5 3. Bg2 Nf6 4. Nf3 Be7 5. O-O O-O 6. b3 c6 7. Bb2 Nbd7 8. d3
a5 9. a3 b5 10. Nbd2 a4 11. b4 bxc4 12. dxc4 Ba6 13. c5 Qc7 14. Re1 e5 15. e4
Nxe4 16. Nxe4 dxe4 17. Rxe4 Bf6 18. Qc2 Rfe8 19. Rae1 Bb5 20. Nd4 Reb8 21. Nf5
g6 22. Nd6 Bg7 23. Bc3 Nf6 24. Nxb5 1-0

[Event "Dyfed Open"]
[Site "Fishguard"]
[Date "2019.02.24"]
[Round "5.7"]
[White "Morgans, Justin"]
[Black "Byway, Paul V"]
[Result "0-1"]
[WhiteElo "1646"]
[BlackElo "2060"]
[PlyCount "98"]
[EventDate "2019.??.??"]

1. e4 c5 2. Nf3 e6 3. d4 cxd4 4. Nxd4 Nf6 5. Nc3 Nc6 6. Bg5 Qa5 7. Bxf6 gxf6 8.
Nb3 Qe5 9. a3 f5 10. f3 fxe4 11. fxe4 d5 12. Bd3 d4 13. Ne2 Bg7 14. Qd2 O-O 15.
O-O-O Qh5 16. Kb1 e5 17. h3 Qh6 18. Qxh6 Bxh6 19. g4 Be3 20. Ng3 Be6 21. Nd2
Bxd2 22. Rxd2 Ne7 23. Nf5 Ng6 24. h4 Nf4 25. h5 f6 26. Rdh2 Rfd8 27. Rg1 Kf7
28. g5 Bxf5 29. exf5 fxg5 30. Be4 Kf6 31. Bxb7 Rab8 32. Be4 h6 33. Rg3 Rb6 34.
b4 Nd5 35. Kb2 Nc3 36. Rxc3 dxc3+ 37. Kxc3 Rc8+ 38. Kb3 Rd6 39. c3 Rcd8 40. Bc2
Rd2 41. Rh3 Rg2 42. Bd3 g4 43. Re3 Rh2 44. b5 Rh3 45. Rxh3 gxh3 46. Be4 Rd1 47.
a4 Re1 48. Bd5 e4 49. a5 h2 0-1

[Event "Dyfed Open"]
[Site "Fishguard"]
[Date "2019.02.24"]
[Round "5.8"]
[White "Taylor, Robert Graham"]
[Black "Waterfield, John W"]
[Result "0-1"]
[WhiteElo "1809"]
[BlackElo "1935"]
[PlyCount "90"]
[EventDate "2019.??.??"]

1. Nf3 Nf6 2. b3 g6 3. Bb2 Bg7 4. e3 O-O 5. d4 Ne4 6. Nbd2 f5 7. h4 h5 8. Nxe4
fxe4 9. Ng5 d5 10. Be2 Bf5 11. c4 e6 12. Ba3 Re8 13. g4 hxg4 14. Bxg4 Bf6 15.
Bxf5 exf5 16. Rg1 c6 17. Bb2 Nd7 18. Nh3 Kf7 19. h5 g5 20. h6 g4 21. Nf4 Nf8
22. Qd2 Ng6 23. Nh5 Rh8 24. Qb4 Qe7 25. Qxe7+ Bxe7 26. cxd5 cxd5 27. Rc1 Rxh6
28. Ng3 Nh4 29. Ke2 Bd6 30. Rh1 Rah8 31. Rc2 Ke6 32. Nf1 Ng2 33. Rxh6+ Rxh6 34.
Rc8 Rh1 35. Ra8 f4 36. exf4 Nxf4+ 37. Ke3 Rxf1 38. Rxa7 Re1+ 39. Kd2 Bb4+ 40.
Kc2 Re2+ 41. Kb1 Nd3 42. Ba3 Bxa3 43. Rxa3 Rb2+ 44. Ka1 Rxf2 45. Kb1 g3 0-1

[Event "Dyfed Open"]
[Site "Fishguard"]
[Date "2019.02.24"]
[Round "5.9"]
[White "Van Kemenade, Rudy"]
[Black "Fraser, Susanna"]
[Result "0-1"]
[WhiteElo "1944"]
[BlackElo "1578"]
[PlyCount "94"]
[EventDate "2019.??.??"]

1. f4 d5 2. Nf3 Nf6 3. g3 Bf5 4. d3 e6 5. Bg2 Be7 6. O-O h6 7. Qe1 O-O 8. h3 c5
9. Nc3 Nc6 10. e4 dxe4 11. dxe4 Bh7 12. e5 Ne8 13. Rf2 Qb6 14. Kh2 Rd8 15. Ne4
Nc7 16. c3 Nd5 17. Nfd2 Na5 18. Nf1 Rd7 19. g4 Re8 20. Nfg3 Nc6 21. Re2 c4 22.
Bf3 Red8 23. Rg2 a6 24. Qe2 Na5 25. f5 Qc6 26. f6 gxf6 27. Nxf6+ Bxf6 28. exf6
Qd6 29. Bxh6 Nxf6 30. Bg5 Kg7 31. Rf1 Bd3 32. Bxf6+ Kxf6 33. Be4+ Kg7 34. Bxd3
cxd3 35. Qe3 Nc4 36. Qg5+ Kf8 37. Qh6+ Ke8 38. Qh8+ Qf8 39. Qf6 Ne3 40. Rff2
Nxg2 41. Nh5 d2 42. Ng7+ Qxg7 43. Qxg7 d1=Q 44. Qg8+ Ke7 45. Rxf7+ Kd6 46.
Rxd7+ Rxd7 47. Qb8+ Ke7 0-1

[Event "Dyfed Open"]
[Site "Fishguard"]
[Date "2019.02.24"]
[Round "5.10"]
[White "Jones, Dewi"]
[Black "Pinch, David"]
[Result "0-1"]
[WhiteElo "1504"]
[BlackElo "1634"]
[PlyCount "54"]
[EventDate "2019.??.??"]

1. e4 e5 2. Nf3 Nc6 3. Bc4 Bc5 4. c3 Nf6 5. d4 exd4 6. cxd4 Bb4+ 7. Bd2 Bxd2+
8. Nbxd2 O-O 9. e5 Ng4 10. h3 Nh6 11. O-O d6 12. Re1 Re8 13. Qc2 Bf5 14. Qc1
Qd7 15. Ne4 Bxe4 16. Rxe4 d5 17. Rh4 dxc4 18. Rxh6 gxh6 19. Qxh6 Re6 20. Qh4
Rg6 21. Ng5 h6 22. Ne4 Qf5 23. Nf6+ Kh8 24. g4 Nxd4 25. Qxh6+ Rxh6 26. gxf5
Nf3+ 27. Kg2 Nxe5 0-1

[Event "Dyfed Open"]
[Site "Fishguard"]
[Date "2019.02.24"]
[Round "5.11"]
[White "Haigh, Tony"]
[Black "Cooke, Mark"]
[Result "1/2-1/2"]
[WhiteElo "1793"]
[BlackElo "1368"]
[PlyCount "49"]
[EventDate "2019.??.??"]

1. d4 c6 2. c4 Nf6 3. Nc3 g6 4. Bf4 Bg7 5. Nf3 d6 6. e3 Bg4 7. h3 Bxf3 8. Qxf3
Nbd7 9. Bd3 Nh5 10. O-O Nxf4 11. Qxf4 e5 12. dxe5 dxe5 13. Qf3 O-O 14. Rac1 Nc5
15. Bb1 f5 16. e4 fxe4 17. Qe2 Nd3 18. Rcd1 Qg5 19. Nxe4 Nf4 20. Nxg5 Nxe2+ 21.
Kh1 Nd4 22. Ne4 b6 23. Nc3 Rae8 24. Be4 Rf6 25. Kg1 1/2-1/2